|
|
|
|
| LEADER |
00000nam0a2200000 4500 |
| 001 |
107686 |
| 005 |
20231101214741.0 |
| 035 |
|
|
|a (RuTPU)RU\TPU\book\116250
|
| 090 |
|
|
|a 107686
|
| 100 |
|
|
|a 20061227d2006 m y0rusy50 ca
|
| 101 |
0 |
|
|a rus
|
| 102 |
|
|
|a RU
|
| 105 |
|
|
|a a j 001zy
|
| 200 |
1 |
|
|a Геометрические методы квалиметрии: теория и применение
|e учебное пособие
|f Г. В. Дубицкая
|g Академия стандартизации, метрологии и сертификации
|
| 210 |
|
|
|a Москва
|c АСМС
|d 2006
|
| 215 |
|
|
|a 163 с.
|c ил.
|
| 320 |
|
|
|a Библиогр.: с. 159-161.
|
| 606 |
1 |
|
|a Квалиметрия
|x Качество
|2 stltpush
|3 (RuTPU)RU\TPU\subj\14194
|9 40653
|
| 610 |
1 |
|
|a организация производства
|
| 610 |
1 |
|
|a изделия
|
| 610 |
1 |
|
|a квалиметрические образы
|
| 610 |
1 |
|
|a геометрическое представление
|
| 610 |
1 |
|
|a оптимизационные задачи
|
| 610 |
1 |
|
|a технико-экономические задачи
|
| 610 |
1 |
|
|a решение
|
| 610 |
1 |
|
|a учебные пособия
|
| 675 |
|
|
|a 658.562(075.8)
|v 3
|
| 700 |
|
1 |
|a Дубицкая
|b Г. В.
|g Галина Викторовна
|
| 712 |
0 |
2 |
|a Академия стандартизации, метрологии и сертификации (учебная) Госстандарта России (АСМС)
|c (Москва)
|2 stltpush
|3 (RuTPU)RU\TPU\col\802
|
| 801 |
|
1 |
|a RU
|b 63413507
|c 20061227
|g PSBO
|
| 801 |
|
2 |
|a RU
|b 63413507
|c 20141110
|g PSBO
|
| 942 |
|
|
|c BK
|
| 959 |
|
|
|a 116/20061226
|d 1
|e 320,00
|f ЧЗТЛ:1
|